00726cam a2200169 450000500170000000800410001705000230005810000370008124000770011824500600019526000910025530000270034650400190037365000530039265100480044571000630049320180907152205.0090211s1976 mx a 000 0 spa u04aF1391.G9bM85 19761 aMunguía Cárdenas, Federico. 10aPanorama histórico de Sayula capital de la antigua provincia de Avalos13aLa provincia de Avalosc/ Federico Munguía Cárdenas aGuadalajara, Jal. [México] : bGobierno de Jalisco, Secretaría de Cultura, c1976. a214 p.: bil.; c20cm. aBibliografía 72LEMBaGuadalajara, Jalisco xHistoria zMéxico 72LEMBaSayula (Jalisco) xHistoriazMéxico2 aGuadalajara, Jalisco, México : bSecretaría de Cultura